• 首页
  • 本馆介绍
  • 公告通知
  • 最新文献
  • 馆藏检索
  • 电子资源
  • 读者导购
  • 参考咨询
  • 我的图书馆
  • 登录
  • 详细信息显示
  • 放入我的书架
  • 预约/预借图书
  • 作者相关作品
  • 分类相关作品
  • 丛书相关作品
  • 出版社相关作品

书目信息

  • 表格格式
  • 工作单格式
  • 卡片格式
题名:
叶甫盖尼·奥涅金
    
 
作者: 普希金 著 ;冯春 译
分册:  
出版信息: 上海   上海译文出版社  1983
页数: 309页
开本: 19cm
丛书名:
单 册:
中图分类: I512.24 , I512.2
科图分类:
主题词: 诗歌--苏联--近代--选集
电子资源:
ISBN:
000 00654nam0 2200241 45
001 1572427353
005 20150127223426.35
010    @dCNY1.10
091    @aCN@b10188.262
100    @a19950622d1983 em y0chiy0121 ea
101 1  @achi@crus
102    @aCN@b310000
105    @ay z 000gy
200 10 @a叶甫盖尼·奥涅金@Aye fu gai ni ao nie jin@f(俄)普希金著@g冯春译
210    @a上海@c上海译文出版社@d1983
215    @a309页@d19cm
606    @a诗歌@y苏联@z近代@x选集
690    @aI512.24@v3
690    @aI512.2@v4
701  1 @a普希金@Apu xi jin@4著
702  0 @a冯春@Afeng chun@4译
801  0 @aCN@bTSSF@c20150127
905    @aZUCC@dI512.2@eJY6
    
    叶甫盖尼·奥涅金/(俄)普希金著/冯春译.-上海:上海译文出版社,1983
    309页;19cm
    
    
    ISBN :CNY1.10
    
●
相关链接 在E读中查询图书 在五车中查询图书 在当当中查询图书 在豆瓣中查询图书


正题名:叶甫盖尼·奥涅金     索取号:I512.2/JY6         预约/预借

序号 登录号 条形码 馆藏地/架位号 状态 备注
1 7836916   278369169   学院路分馆/ [索取号:I512.2/JY6] 在馆    
2 7836923   278369230   学院路分馆/ [索取号:I512.2/JY6] 在馆    
唐山师范学院图书馆 欢迎您!
大连网信软件有限公司© 版权所有